La notara̕ Boletn̕ (1858-1994)

Detalles Bibliográficos
Autor Corporativo: Collegi de Notaris de Catalunya
Formato: Desconocido
Lenguaje:inglés
Publicado: Barcelona : Collegi de Notaris de Catalunya
Materias:
Acceso en línea:Acceso restringido

MARC

LEADER 00000ny a22000003n 4500
005 20110509142033.0
008 080214c18581994enkqr s 000 a0eng c
035 |a 742 
040 |a UMA.RE  |d vlex 
080 |a 347.961(051) 
090 |c 1469  |d 1469 
245 0 3 |a La notara̕  |h [Recurso electrn̤ico]  |b Boletn̕ (1858-1994) 
256 |a Servicio en ln̕ea 
260 |a Barcelona :  |b Collegi de Notaris de Catalunya 
310 |a Anual,  |b 1858-1991 
321 |a Semestral,  |b 1992-1993 
506 1 |a Contenido solo disponible en los productos indicados  |d vLex Global  |d vLex Global (Academic Edition, excluding Law Schools)  |d vLex Global (U.S. Academic Edition, Law Schools)  |d vLex Global (U.S. Academic Edition, excluding Law Schools)  |d vLex Global (Academic Edition, Law Schools) 
650 0 7 |a Notario  |2 Tesauro vLex 
650 0 7 |2 Tesauro vLex  |a Civil 
650 0 7 |2 Tesauro vLex  |a Derecho foral de Cataluą 
710 2 |a Collegi de Notaris de Catalunya 
740 0 |a vLex Revista (Servicios en ln̕ea) 
853 |8 1  |i (year)  |j (month)  |k (day) 
856 4 0 |u http://vlex.com/source/notaria-boletin-1858-1994-742  |z Acceso restringido 
942 |c REV